00550nam a2200181Ia 4500003000900000008004100009020001800050040001600068080001800084100001500102245010400117260003400221300001600255490004700271650001500318650001500333650002000348IN-BaIIA211028s9999 xx 000 0 eng d a1-85233-465-7 cIIA Library a524.3-54bING aInglis, M. 0aObserver's guide to stellar evolutioncM. Inglis  aLondonbSpringer-Verlagc2003 axvii, 236p. aPatrick Moore's Practical Astronomy Series aStar Birth aStar Death aStars Evolution